Nové projekty využitia geotermálnej energie pre sústavy centralizovaného zásobovania teplom na Slovensku
Geotermálna energia je ekologicky nezávadný, lokálny a stabilný obnoviteľný zdroj energie, ktorý je nezávislý na klimatických a trhových podmienkach. Narastajúce ceny zemného plynu a v poslednej dobe aj značná neistota v súvislosti so spoľahlivosťou jeho dodávky sú silnou motiváciou pre obce a výrob...
Guardado en:
| Autor principal: | |
|---|---|
| Formato: | Capítulo de libro |
| Lenguaje: | eslovaco |
| Materias: | |
| Etiquetas: |
Sin Etiquetas, Sea el primero en etiquetar este registro!
|
MARC
| LEADER | 00000naa$a2200000$$$4500 | ||
|---|---|---|---|
| 001 | 0099695 | ||
| 005 | 20231207140432.8 | ||
| 041 | 0 | |a slo | |
| 044 | |a SK | ||
| 245 | 1 | 0 | |a Nové projekty využitia geotermálnej energie pre sústavy centralizovaného zásobovania teplom na Slovensku |c Oto Halás |
| 520 | |a Geotermálna energia je ekologicky nezávadný, lokálny a stabilný obnoviteľný zdroj energie, ktorý je nezávislý na klimatických a trhových podmienkach. Narastajúce ceny zemného plynu a v poslednej dobe aj značná neistota v súvislosti so spoľahlivosťou jeho dodávky sú silnou motiváciou pre obce a výrobcov tepla na rozvoj a podporu využívania geotermálnej energie. | ||
| 610 | 2 | 0 | |a energia geotermálna |
| 610 | 2 | 0 | |a zdroje energie prírodné |
| 610 | 2 | 0 | |a zdroje energie obnoviteľné |
| 610 | 2 | 0 | |a využitie energie |
| 610 | 2 | 0 | |a Slovensko |
| 100 | 1 | |a Halás, Oto | |